000 00527cam a22002053a 4500
001 45477
003 PGUSA
005 20140828084043.0
008 140424s2014||||xxu|||||s|||||000 | eng d
040 _aPGUSA
_beng
042 _adc
245 1 0 _aCurly Locks
_h[electronic resource]
260 _bProject Gutenberg,
_c2014
506 _aPublic domain in the USA.
516 _aElectronic text
700 1 _aAnonymous
830 0 _aProject Gutenberg
_v45477
856 4 0 _uhttp://www.gutenberg.org/ebooks/45477
942 _cEB
999 _c274728
_d274728